000 00426nam a2200169 a 4500
005 20140310183141.0
008 021017s19uu xx 00 eng d
020 _a0751305278
050 _aHF 5718.22
_b.H56 1998
100 _aHindle, Tim
245 _aMaking presentations /
_cTim Hindle.
300 _a72 p. :
_c18 cm.
521 _aBSBA
650 _aBusiness presentations
942 _cBK
_2lcc
_kFOR
999 _c19399
_d19399